000 00426nam a2200145 i 4500
001 88582
003 ES-MaACL
007 t|
008 050105s1936 xxu ||||1| eng d
100 1 _aLamb, Winifred.
_969798
245 1 0 _aExcavations at thermi in Lesbos /
_cby Winifred Lamb.
260 _aCambridge :
_bUniversity Press,
_c1936.
300 _aXI, 226 p., 50 lám. :
_bil. ;
_c30 cm.
852 _aES-MaACL
_jB-1728
_bR.25530
999 _c88582
_d88582